Normal view
MARC view
Entry Personal Name
001 - CONTROL NUMBER
- control field: 81904
003 - CONTROL NUMBER IDENTIFIER
- control field: OSt
005 - DATE AND TIME OF LATEST TRANSACTION
- control field: 20231015173458.0
008 - FIXED-LENGTH DATA ELEMENTS
- fixed length control field: 231015|| aca||aabn | a|a d
040 ## - CATALOGING SOURCE
- Original cataloging agency: OSt
- Transcribing agency: OSt
100 ## - HEADING--PERSONAL NAME
- Personal name: William j. Ray
670 ## - SOURCE DATA FOUND
- Source citation: Work cat.: (OSt)66108: William j. Ray , Abnormal Abnormal Psychology Neuroscience ......, 2015









